| 000 | 00420cam a2200169ua 4500 | ||
|---|---|---|---|
| 020 | _c2.25 | ||
| 041 |
_amal _h |
||
| 082 |
_a894.812308 _bTHA/AK |
||
| 100 | _aSivasankara Pillai, Thakazhi. | ||
| 245 |
_aAkasham / _cThakazhi Sivasankara Pillai. _hTextual Documents |
||
| 260 |
_aThrissur : _bCurrent Books , _c1967. |
||
| 300 | _a124 ; . | ||
| 365 | _a2.25 | ||
| 504 | _a | ||
| 942 | _cBK | ||
| 999 |
_c4755 _d4755 |
||